000 01043nam a2200265Ia 4500
003 OSt
005 20221005105332.0
006 a|||||r|||| 00| 0
007 ta
008 221004b |||||||| |||| 00| 0 hin d
020 _a8121209153 (hbk)
_c360
024 _a15117
037 _b7114, 20/11/2014, Friends Publications (India)
_cTextual
040 _aCRL
_cCRL
_bhin
041 _2hin
_ahin
082 _aV2y7M75, 152P6
100 _aरवीन्द्र कुमार
245 0 _aलौह - पुरूड्ढ सरदार पटेल के संस्मरण
246 _aLauh - purūḍḍha saradār paṭel ke sansmaraṇa
260 _aनई दिल्ली
_bज्ञान पब्लिशिंग हाउस भारत
_c2006
300 _a141पृ0
_ccm.
650 _aविश्व-इतिहास
942 _hV2y7M75, 152P6
_cTEXL
_2cc
999 _c1015507
_d1015507